|
|
|
|
| LEADER |
00000 a a2200000 04500 |
| 001 |
35917 |
| 003 |
cru CIDCACS/IIS |
| 005 |
20171027133911.0 |
| 008 |
171027b xxu||||| |||| 00| 0 spa d |
| 999 |
|
|
|c 12419
|d 12419
|
| 020 |
|
|
|a 978-987-1183-66-1
|
| 040 |
|
|
|c CIDCACS/IIS
|
| 090 |
|
|
|a 05.03.04 M433c
|
| 100 |
|
|
|a Mato, Daniel
|
| 245 |
|
|
|a Diseño, Dinámica de Trabajo y Aprendizajes de un Seminario de Posgrado en Internet /
|c Daniel Mato y Alejandro Maldonado Fermín
|
| 260 |
|
|
|a Buenos Aires:
|b CLACSO
|
| 300 |
|
|
|a Páginas 255-292
|
| 650 |
|
|
|a EDUCACION
|
| 650 |
|
|
|a INTERNET
|
| 650 |
|
|
|a ENSEÑANZA SUPERIOR
|
| 650 |
|
|
|a TEORIA SOCIAL
|
| 700 |
1 |
|
|a Maldonado Fermín, Alejandro
|9 5774
|
| 942 |
|
|
|2 ddc
|c LI
|
| 773 |
0 |
|
|0 8618
|9 1436
|a Mato, Daniel
|d Buenos Aires: CLACSO
|o 03219
|t Cultura y transformaciones sociales en tiempos de globalización:
|w (cru CIDCACS/IIS)35684
|z 978-987-1183-66-1
|